| 000 | 00861nam a2200265Ia 4500 | ||
|---|---|---|---|
| 003 | OSt | ||
| 005 | 20221005065200.0 | ||
| 006 | a|||||r|||| 00| 0 | ||
| 007 | ta | ||
| 008 | 221004b |||||||| |||| 00| 0 eng d | ||
| 020 |
_a0631214909 _c1671.16 |
||
| 024 | _a81880 | ||
| 037 |
_b18712, 30/03/2005, Segment Book Distributors _cTextual |
||
| 040 |
_aCRL _cCRL _beng |
||
| 041 |
_2eng _aeng |
||
| 082 | _aYxM64:g, P5 | ||
| 100 |
_aKalberg Stephen Ed. _9331123 |
||
| 245 | 0 |
_aMax Weber _b Readings and commentary on modernity edited by Stephen Kalberg |
|
| 260 |
_aMassachusetts _bBlackwell Publishing U. S. A. _c2005 |
||
| 300 |
_a398p. _ccm. |
||
| 490 | _aModernity and Society | ||
| 650 | _aSOCIOLOGY | ||
| 942 |
_hYxM64:g, P5 _cTEXL _2cc |
||
| 999 |
_c974125 _d974125 |
||